Tài chính quốc tế hiện đại trong nền kinh tế mở
Đã lưu trong:
| Príomhúdar: | |
|---|---|
| Formáid: | Leabhar |
| Foilsithe: |
Thống kê
2001
|
| Clibeanna: |
Cuir Clib Leis
Gan Chlibeanna, Bí ar an gcéad duine leis an taifead seo a chlibeáil!
|
| Thư viện lưu trữ: | Mạng thư viện Đại học Đà Nẵng |
|---|
| LEADER | 00591nam a2200229 a 4500 | ||
|---|---|---|---|
| 001 | 000029423 | ||
| 003 | 12307 | ||
| 005 | 20171030145630.0 | ||
| 008 | 171030s2001 | ||
| 020 | |c 98000 | ||
| 040 | |a LTT | ||
| 082 | 0 | |a 332.04 |b NG-T | |
| 100 | 1 | |a Nguyễn Văn Tiến, TS | |
| 245 | 0 | 0 | |a Tài chính quốc tế hiện đại trong nền kinh tế mở |c Nguyễn Văn Tiến. |
| 260 | |b Thống kê |c 2001 | ||
| OWN | |a LTT | ||
| 999 | |a From the UDN01 | ||
| TYP | |a Monograph | ||
| TYP | |a Printed language | ||
| 980 | |a Mạng thư viện Đại học Đà Nẵng | ||